| 000 | nam a22 7a 4500 | ||
|---|---|---|---|
| 999 |
_c16667 _d16667 |
||
| 008 | 161116b xxu||||| |||| 00| 0 eng d | ||
| 020 | _a0323025862 | ||
| 050 | _aRT 41 .P68 2005 | ||
| 100 |
_aPotter,Patricia. _d2005 |
||
| 245 |
_aFundamentals of nursing. _cPatricia Potter |
||
| 250 | _a6th ed | ||
| 260 |
_aNY: _bMosby, _c2005. |
||
| 300 | _axv,1727p. | ||
| 650 | _aNursing. | ||
| 650 | _aNurse and patient. | ||
| 700 | _aPerry,Anne Griffin. | ||
| 942 |
_2lcc _cBOOKS _hRT 41 .P68 2005 |
||